Normal view MARC view
  • KUMAR DR. SANJEEV

Entry Personal Name

Number of records used in: 1

001 - CONTROL NUMBER

  • control field: 8882

003 - CONTROL NUMBER IDENTIFIER

  • control field: JRU

005 - DATE AND TIME OF LATEST TRANSACTION

  • control field: 20260309124140.0

008 - FIXED-LENGTH DATA ELEMENTS

  • fixed length control field: 260309|| aca||aabn | a|a d

040 ## - CATALOGING SOURCE

  • Original cataloging agency: JRU
  • Transcribing agency: JRU

100 ## - HEADING--PERSONAL NAME

  • Personal name: KUMAR DR. SANJEEV

670 ## - SOURCE DATA FOUND

  • Source citation: Work cat.: (JRU)9057: KUMAR DR. SANJEEV , DESEASES OF FIELD & HORTICULTURE CROPS AND THEIR MANAGEMENT - I ( As per 5th deans committee recommendations ) , 2020